000 00621nam a2200301Ia 4500
005 20260401122054.0
008 008 250103s9999 xx 000 0 eng d
020 _a285636049
037 _aTB
040 _aEDL
040 _beng
040 _cEDL
041 _2eng
041 _aeng
084 _a823 MAS
084 _qEDL
100 _aMasters, John
245 0 _aBhowani Junction
245 0 _cMasters, John
260 _aLondon
260 _bSouvenir Press
260 _c2001
300 _a414p
942 _cTB
942 _h823 MAS
999 _c1844721
_d1844721